000 00854cam a22002533a 4500
001 31164
003 PGUSA
005 20140828083656.0
008 100203s2010||||xxu|||||s|||||000 1 eng d
040 _aPGUSA
_beng
042 _adc
050 4 _aPT
100 1 _aMeyrink, Gustav,
_d1868-1932
245 1 0 _aDer violette Tod, und andere Novellen
_h[electronic resource] /
_cGustav Meyrink
260 _bProject Gutenberg,
_c2010
505 0 _aDas dicke Wasser -- Die Urne von St. Gingolph -- Das ganze Sein ist flammend Leid -- Das Automobil -- Blamol -- Bocksäure -- Das Fieber -- Der violette Tod.
506 _aPublic domain in the USA.
516 _aElectronic text
653 _aFantasy fiction, Austrian
653 _aShort stories
830 0 _aProject Gutenberg
_v31164
856 4 0 _uhttp://www.gutenberg.org/ebooks/31164
942 _cEB
999 _c260419
_d260419